000 01085nam a22003017a 4500
003 CHAP
005 20220329134132.0
008 971013s1971 r 00010 d
010 _a15956
011 _a16928
035 _a21010
040 _cCHAP
082 _a028.7
_bG5
100 0 0 _aGleaves, Edwin S.
_948267
245 _aGuía de fuentes de información en las humanidades y las ciencias sociales
260 _aCd. Universitaria Rodrigo Facio :
_bUniversidad de Costa Rica,
_c1971
300 _a121 p.
490 _aPublicaciones de la Universidad de Costa Rica. Serie bibliotecología
_v; 26
590 _aBATCH-UPD
_b10
_c20130110
_lUCH01
_h2148
590 _aBATCH-UPD
_b10
_c20130410
_lUCH01
_h1457
590 _aBATCH-UPD
_b10
_c20130914
_lUCH01
_h1849
590 _aCONVERSION
_b10
_c20130109
_lUCH01
_h1310
650 1 4 _aObras de consulta
_xBibliografía.
_982532
830 0 _aPublicaciones de la Universidad de Costa Rica. Serie bibliotecología
_v; 26
_992685
901 _aBK
942 _cLIBRO
949 _a028.7 G5
_bBC
_cLIBRO
_d33724000480307
_eLIBRO
_h35273
_i21010
_si
999 _c15956
_d15956